000 00498nam a2200169Ia 4500
008 240729s9999 xx 000 0 und d
022 _a2573-1378
245 0 _aJournal of Occupational Therapy Education
260 _aUnited States
260 _bEastern Kentucky University
650 _a Medicine (General)
650 _a Special aspects of education | Medicine
650 _aEducation
856 _uhttps://doaj.org/toc/6ffdf35373004b528c07da24370759e1
942 _2ddc
942 _cDOAJEJ
999 _c68802
_d68802
945 _a1
_bMadushi Gamage
_c1
_dMadushi Gamage